Normal view
MARC view
- Mines and mineral resources -- jordan
Entry Topical Term
001 - CONTROL NUMBER
- control field: 5362
003 - CONTROL NUMBER IDENTIFIER
- control field: JO-AjAnu
005 - DATE AND TIME OF LATEST TRANSACTION
- control field: 20230606071154.0
008 - FIXED-LENGTH DATA ELEMENTS
- fixed length control field: 230606|| aca||aabn | a|a d
040 ## - CATALOGING SOURCE
- Original cataloging agency: JO-AjAnu
- Transcribing agency: JO-AjAnu
150 ## - HEADING--TOPICAL TERM
- Topical term or geographic name entry element: Mines and mineral resources -- jordan
670 ## - SOURCE DATA FOUND
- Source citation: Work cat.: (JO-AjAnu)2767: Jordan. Ministry of Energy and Mineral Resources, author 5361, Annual report 2015 : ministry of energy and mineral resources